00540nam a22001337a 4500003000900000005001700009008004100026040001300067245003100080250001100111260002100122300001900143520024400162IT-RoPau20220918175943.0130304b xxu||||| |||| 00| 0 eng d cIT-RoPau aCostituzioni e Direttorio. a1° ed aAlbabPSSPc1984 a200 pp.c18 cm aIndice Presentazione Decreto Sigle Premessa I. La nostra identità nella Chiesa di Cristo II. La vita apostolica III. La formazione paolina IV. Governo della Congregazione Conclusione: Risposta di apostoli. la fedeltà Indice analitico